Music Quiz

Random Music or Song Quiz

1990s Lyric Match III Quiz Stats

 Plays Quiz Updated Sep 24, 2015

Challenge
Share
Tweet
Embed
Score 0/25 Timer 07:00
0 Plays Today
% Correct
Wannabe
90.2%
Baby Got Back
89.1%
MMMBop
88%
Wonderwall
84.2%
I'm Too Sexy
81.8%
...Baby One More Time
79%
I Want It That Way
77.4%
What's My Age Again?
74.3%
Basket Case
73.3%
How Do I Live?
71.9%
Vogue
71.1%
Iris
70.3%
U Can't Touch This
69.5%
% Correct
Creep
69%
Genie in a Bottle
67.3%
Friends in Low Places
65.5%
Black Hole Sun
65.5%
Learn to Fly
64.7%
Nuthin' but a G Thang
63.8%
Hero
61.9%
My Name Is...
56.2%
Lithium
55.6%
Jeremy
55%
Walkin' on the Sun
50.4%
On Bended Knee
44.5%

You're not logged in!

Compare scores with friends on all Sporcle quizzes.
OR
Log In

You Might Also Like...

Show Comments

Extras

Top Quizzes Today


Score Distribution

Your Account Isn't Verified!

In order to create a playlist on Sporcle, you need to verify the email address you used during registration. Go to your Sporcle Settings to finish the process.

Report this User

Report this user for behavior that violates our Community Guidelines.

Details: